000 00555nam a2200229 a 4500
001 nice12345678
003 IN_TiNIC
005 20260116015137.0
008 050524s1996 riya grp 000 0 eng
020 _a
_c0
082 0 0 _a297.122521
_bHIL
100 _aHilali, Mohd Taqiuddin
245 _aNoble Quran
260 _aRiyadh
_bDarus Salam Publications
_c1996
300 _a888p
500 _aincludes index and biblioraphy
505 2 _aXerox Copy
700 1 _aHilali, Mohd Taqiuddin
902 _bSRS
942 _cBK
999 _c18483
_d18483